MyGZULibrary

A practical introduction to phonetics / (Record no. 8233)

MARC details
000 -LEADER
fixed length control field 01351cam a22003374a 4500
001 - CONTROL NUMBER
control field 12525990
003 - CONTROL NUMBER IDENTIFIER
control field GZU
005 - DATE AND TIME OF LATEST TRANSACTION
control field 20210518092000.0
008 - FIXED-LENGTH DATA ELEMENTS--GENERAL INFORMATION
fixed length control field 010905s2001 enka b 001 0 eng
010 ## - LIBRARY OF CONGRESS CONTROL NUMBER
LC control number 2001050085
020 ## - INTERNATIONAL STANDARD BOOK NUMBER
International Standard Book Number 0199246351 (pbk.)
040 ## - CATALOGING SOURCE
Original cataloging agency DLC
Transcribing agency DLC
Modifying agency DLC
042 ## - AUTHENTICATION CODE
Authentication code pcc
050 00 - LIBRARY OF CONGRESS CALL NUMBER
Classification number P221
Item number .C33 2001
082 00 - DEWEY DECIMAL CLASSIFICATION NUMBER
Classification number 414/.8
Edition number 21
100 1# - MAIN ENTRY--PERSONAL NAME
Personal name Catford, J. C.
Fuller form of name (John Cunnison),
Dates associated with a name 1917-
245 12 - TITLE STATEMENT
Title A practical introduction to phonetics /
Statement of responsibility, etc. J.C. Catford.
250 ## - EDITION STATEMENT
Edition statement 2nd ed.
260 ## - PUBLICATION, DISTRIBUTION, ETC.
Place of publication, distribution, etc. Oxford ;
-- New York :
Name of publisher, distributor, etc. Oxford University Press,
Date of publication, distribution, etc. 2001.
300 ## - PHYSICAL DESCRIPTION
Extent xiii, 229 p. :
Other physical details ill. ;
Dimensions 25 cm.
440 #0 - SERIES STATEMENT/ADDED ENTRY--TITLE
Title Oxford textbooks in linguistics
504 ## - BIBLIOGRAPHY, ETC. NOTE
Bibliography, etc. note Includes bibliographical references and index.
650 #0 - SUBJECT ADDED ENTRY--TOPICAL TERM
Topical term or geographic name entry element Phonetics.
650 #0 - SUBJECT ADDED ENTRY--TOPICAL TERM
Topical term or geographic name entry element Grammar, Comparative and general
General subdivision Phonology.
856 41 - ELECTRONIC LOCATION AND ACCESS
Materials specified Table of contents only
Uniform Resource Identifier <a href="http://www.loc.gov/catdir/enhancements/fy0611/2001050085-t.html">http://www.loc.gov/catdir/enhancements/fy0611/2001050085-t.html</a>
856 42 - ELECTRONIC LOCATION AND ACCESS
Materials specified Publisher description
Uniform Resource Identifier <a href="http://www.loc.gov/catdir/enhancements/fy0611/2001050085-d.html">http://www.loc.gov/catdir/enhancements/fy0611/2001050085-d.html</a>
856 42 - ELECTRONIC LOCATION AND ACCESS
Materials specified Contributor biographical information
Uniform Resource Identifier <a href="http://www.loc.gov/catdir/enhancements/fy0725/2001050085-b.html">http://www.loc.gov/catdir/enhancements/fy0725/2001050085-b.html</a>
906 ## - LOCAL DATA ELEMENT F, LDF (RLIN)
a 7
b cbc
c orignew
d 1
e ocip
f 20
g y-gencatlg
942 ## - ADDED ENTRY ELEMENTS (KOHA)
Source of classification or shelving scheme Library of Congress Classification
Koha item type Books
Edition 2nd
Classification part 221
Item part CAT
Call number prefix P
Call number suffix 2001
Holdings
Withdrawn status Lost status Damaged status Not for loan Collection code Home library Current library Shelving location Date acquired Total Checkouts Full call number Barcode Date last seen Copy number Price effective from Koha item type
        Non-fiction Mashava Campus Library Mashava Campus Library General Stacks 05/18/2021   P221 CAT 2001 011146 05/18/2021 c.1 05/18/2021 Books
        Non-fiction Mashava Campus Library Mashava Campus Library General Stacks 05/18/2021   P221 CAT 2001 011198 05/18/2021 c.2 05/18/2021 Books